000 00676nam a2200229Ia 4500
003 OSt
005 20220923221748.0
006 a|||||r|||| 00| 0
007 ta
008 220922b |||||||| |||| 00| 0 hin d
024 _a199,895
037 _cTextual
040 _aARTS
_cARTS
_bhin
041 _2hin
_ahin
082 _aQ2315v, 152H0
100 _aद्विवेदी, हजारी प्रसाद
245 0 _aनाथ साम्प्रदाय
246 _aNāth sāmpradāya
260 _c1993
942 _hQ2315v, 152H0
_cTEXL
_2CC
999 _c351597
_d351597